Président de France - Mort Subite - Statistiques

Statistiques générales
  • Ce quiz a été pris 1 236 fois
  • Le résultat moyen est 7 sur 15
Answers on the Grid
Answers color-coded by a green-red scale on the quiz's grid according to % correct below.
Charles de Gaulle
Georges Pompidou
Jean Moulin
Valéry Giscard d'Estaing
Léon Blum
Georges Clemenceau
Jean Jaurès
François Mitterrand
Jules Grévy
Philippe Pétain
Pierre Mendès France
Nicolas Sarkozy
Michel Debré
Simone Veil
Alain Juppé
Jacques Chirac
Laurent Fabius
Édouard Philippe
Emmanuel Macron
François Hollande
Vincent Auriol
Ségolène Royal
René Coty
Sadi Carnot
François Bayrou
Félix Faure
Émile Loubet
Jean-Luc Mélenchon
Marine Le Pen
Raymond Poincaré
 
Statistiques - réponses
Réponse % Correct
Charles de Gaulle
96%
Georges Pompidou
90%
Valéry Giscard d'Estaing
82%
François Mitterrand
64%
Jacques Chirac
59%
Emmanuel Macron
58%
François Hollande
58%
Nicolas Sarkozy
56%
Félix Faure
30%
René Coty
30%
Raymond Poincaré
29%
Vincent Auriol
20%
Jules Grévy
19%
Sadi Carnot
19%
Émile Loubet
18%
Aucun quiz correspondant
Distribution des résultats
% des personnes avec chaque résultat
Percentile par nombre de réponses
Votre historique - résultats
Vous n’avez pas pris ce quiz